Statistics for Swedish words - easy.

Click here to take the quiz!

General Stats

  • This quiz has been taken 280 times
    (261 since last reset)
  • The average score is 14 of 16

Answer Stats

SwedishEnglish% Correct
KanCan
99%
Hjälp!Help
99%
ManMan
99%
HundDog
98%
KattCat
97%
FiskFish
97%
KlockaClock
95%
MigMe
94%
HusHouse
93%
BokBook
92%
Nej, tackNo, thanks
92%
Kan man hjälpa mig?Could you help me?
87%
JoYes
83%
MusMouse
75%
KoCow
53%
KoppCup
52%

Score Distribution

Percentile by Number Answered

Percent of People with Each Score

Your Score History

You have not taken this quiz since the last reset